Pesticidal residves, vitamins, special intrumental vitamin

Bewaard in:
Bibliografische gegevens
Formaat: Boek
Taal:Undetermined
Onderwerpen:
Tags: Voeg label toe
Geen labels, Wees de eerste die dit record labelt!
Thư viện lưu trữ: Trung tâm Học liệu Trường Đại học Cần Thơ
LEADER 00382nam a2200133Ia 4500
001 CTU_126165
008 210402s9999 xx 000 0 und d
082 |a 375.008 
082 |b P291 
245 0 |a Pesticidal residves, vitamins, special intrumental vitamin 
650 |a Education 
650 |x Programme 
904 |i Nguyên 
980 |a Trung tâm Học liệu Trường Đại học Cần Thơ